=LDR 00000nam 2200000 4500 =001 NUTBA000000000003209 =005 20140807093358.0 =006 =007 =008 =020 ##$$a 978-602-9134-27-8 =035 ##$$a 0010-081400000000053 =040 ##$$a NBPDMAT =082 ##$$a 372.7 =090 ##$$a 372.7 $b Mas m =100 ##$$a Masykur Ali =245 ##$$a Mari bermain bangun datar / $c Masykur Ali =250 ##$$a Cet.2 =260 ##$$a Jakarta : $b Daun Hijau, $c 2011 =300 ##$$a iv, 60 hlm. : $b ilus. ; $c 25 cm. =650 ##$$a Matematika SD - Bangun Datar =850 ##$$a NBPDMAT =990 ##$$a 21406262